00735nam a22001937a 4500999001900000005001700019010001500036020002700051035001400078037001300092082001300105100002100118245009100139260004100230270009400271300002300365942002700388952012600415 c160485d16048520190206163206.0 aENG-124686 a97893528083311c495.00 aEN-108218 bDBAD/PUB a658.3008 aSaundarya Rajesh aThe 99 day diversity challenge:ccreating an inclusive workplace/bby Saundarya Rajesh aNew Delhi bSage publications c2019 aB1/1-1 Mohan Cooperative Industrial Area,Mathura Road,bNew Delhie110044mwww.sagepub.in a290p. c21cm.(pbk) 2ddccENmSAUh658.3008 001040718NFICaDBADbBL1d2019-01-31eDBAD/PUBg495.00l0o658.3008 SAUpEN-108218r2019-01-31 00:00:00t1v495.00yEN